[Event "Wijk aan Zee"]
[Site "Wijk aan Zee"]
[Date "2004.??.??"]
[Round "?"]
[White "Kramnik, V."]
[Black "Anand, V."]
[Result "1/2-1/2"]
[WhiteElo "2777"]
[BlackElo "2766"]
[PlyCount "53"]
[EventDate "2004.??.??"]
[Source "Chess Informant"]
[SourceDate "2003.10.01"]

1. e4 c5 2. Nf3 d6 3. d4 cxd4 4. Nxd4 Nf6 5. Nc3 a6 6. Be2 e5 7. Nb3 Be7 8. Bg5 Be6 9. Bxf6 Bxf6 10. Qd3 Nc6 11. O-O-O Be7 12. Kb1 O-O 13. Nd5 Bg5 14. h4 Bxh4 15. g3 Bf6 16. Qf3 Bg5 17. Qh5 h6 18. f4 Bf6 19. Nd2 Nd4 20. Bc4 Rc8 21. c3 Nb5 22. f5 Bxd5 23. Bxd5 Rxc3 24. Qg6 Qb6 25. Rxh6 Na3+ 26. Ka1 Nc2+ 27. Kb1 1/2-1/2

[Event "Chess@iceland-B"]
[Site "Kopavogur"]
[Date "2000.04.01"]
[Round "1"]
[White "Hjartarson, Johann"]
[Black "Anand, Viswanathan"]
[Result "0-1"]
[WhiteElo "2633"]
[BlackElo "2769"]
[PlyCount "22"]
[EventDate "2000.04.01"]
[Source "www.chesslib.no"]
[SourceDate "2004.05.04"]

1. e4 c5 2. Nf3 d6 3. d4 cxd4 4. Nxd4 Nf6 5. Nc3 a6 6. Be2 e5 7. Nb3 Be7 8. O-O Be6 9. Be3 Nbd7 10. a4 O-O 11. Qd2 Rc8 0-1

[Event "Olympiad"]
[Site "Moscow ol"]
[Date "1994.??.??"]
[Round "10"]
[White "Oll, Lembit"]
[Black "Kasparov, Gary"]
[Result "1/2-1/2"]
[WhiteElo "2590"]
[BlackElo "2805"]
[PlyCount "81"]
[EventDate "1994.??.??"]
[Source "www.chesslib.no"]
[SourceDate "2004.05.04"]

1. e4 c5 2. Nf3 d6 3. d4 cxd4 4. Nxd4 Nf6 5. Nc3 a6 6. Be2 e5 7. Nb3 Be7 8. O-O Be6 9. f4 Qc7 10. f5 Bc4 11. Bg5 Nbd7 12. a4 O-O 13. g4 Rfc8 14. a5 h6 15. h3 Nf8 16. Rf2 Qb6 17. Qb1 Rcb8 18. Qe1 Bxb3 19. Bf3 Bxc2 20. Rd1 Qc5 21. Nb5 Qc8 22. Rfd2 axb5 23. Rh2 Bd3 24. Rc1 Ra7 25. Kh1 Bc2 26. Rb1 Qe8 27. Qb4 Qc6 28. a6 Qe8 29. Qd2 Rxa6 30. Qc1 Ra5 31. b4 Bd8 32. Qe3 Bb6 33. Rb3 Qc8 34. Rb1 Qc4 35. Re1 Rd8 36. Qb3 Qc3 37. Qxc3 Ra6 38. Qb3 Ra1 39. Qe6 N6d7 40. Qd5 Re8 41. Rxa1 1/2-1/2

[Event "UK-CHN Match"]
[Site "Liverpool ENG"]
[Date "2007.09.06"]
[Round "3"]
[White "Short, N."]
[Black "Bu Xiangzhi"]
[Result "1-0"]
[WhiteElo "2683"]
[BlackElo "2685"]
[PlyCount "77"]
[EventDate "2007.09.04"]
[Source "www.chesslib.no"]
[SourceDate "2004.05.04"]

1. e4 c5 2. Nf3 d6 3. d4 cxd4 4. Nxd4 Nf6 5. Nc3 a6 6. Be2 e5 7. Nb3 Be7 8. O-O O-O 9. Be3 Be6 10. a4 Nbd7 11. a5 Rc8 12. Qd2 Qc7 13. Rfd1 Rfd8 14. Nc1 Nc5 15. Nd5 Bxd5 16. exd5 Nce4 17. Qe1 Nd7 18. f3 Nef6 19. c4 Nh5 20. b4 h6 21. Bf1 Re8 22. Nb3 Bg5 23. Bxg5 hxg5 24. Qe3 Nf4 25. g3 Ng6 26. Qxg5 e4 27. f4 b5 28. cxb5 Qc3 29. Nd4 Qe3+ 30. Kh1 Nde5 31. Qh5 Nd3 32. Nf5 Nf2+ 33. Kg2 Nxf4+ 34. gxf4 Qxf4 35. Be2 Nxd1 36. Rxd1 g6 37. Rf1 Qd2 38. Nh6+ Kh8 39. Qh4 1-0

[Event "FIDE GP"]
[Site "Dubai"]
[Date "2002.04.07"]
[Round "4.5"]
[White "Leko, Peter"]
[Black "Georgiev, Kiril"]
[Result "1-0"]
[WhiteElo "2713"]
[BlackElo "2655"]
[PlyCount "105"]
[EventDate "2002.04.03"]
[Source "ChessBase"]
[SourceDate "2002.08.12"]

1. e4 c5 2. Nf3 d6 3. d4 cxd4 4. Nxd4 Nf6 5. Nc3 a6 6. Be2 g6 7. g4 h6 8. Be3 Bg7 9. f3 b5 10. Qd2 Bb7 11. a3 Nbd7 12. O-O-O Nb6 13. Nb3 Nfd7 14. Na5 Qc7 15. Bd4 Bf6 16. h4 Bxd4 17. Qxd4 O-O-O 18. Nxb7 Qxb7 19. a4 bxa4 20. Nxa4 Nxa4 21. Qxa4 Kc7 22. Rd4 Nc5 23. Qa3 Rb8 24. Rhd1 Qb6 25. e5 Rhd8 26. b4 Nd7 27. exd6+ exd6 28. Rxd6 Qxd6 29. Rxd6 Kxd6 30. Qxa6+ Ke7 31. c3 Rdc8 32. Kd2 Rc7 33. Qa5 Rb6 34. c4 Rcb7 35. c5 Rxb4 36. c6 Rb2+ 37. Ke1 R7b6 38. cxd7 Kxd7 39. Bc4 Ke7 40. Qc5+ Ke8 41. Qc8+ Ke7 42. Qc7+ Kf6 43. Qxf7+ Ke5 44. Bd3 Kd4 45. Bxg6 Ke3 46. Kf1 Rf2+ 47. Kg1 Rbb2 48. Qe6+ Kxf3 49. Qe4+ Kg3 50. Qe3+ Rf3 51. Qe5+ Kxg4 52. Qxb2 Rh3 53. Qg2+ 1-0

[Event "NBC 2000-02"]
[Site "?"]
[Date "2000.01.01"]
[Round "?"]
[White "Oosterom Joop van"]
[Black "Elwert Hans"]
[Result "1/2-1/2"]
[WhiteElo "2684"]
[BlackElo "2681"]
[PlyCount "91"]
[EventDate "2000.??.??"]
[Source "www.chesslib.no"]
[SourceDate "2004.05.04"]

1. e4 c5 2. Nf3 d6 3. d4 cxd4 4. Nxd4 Nf6 5. Nc3 a6 6. Be2 e5 7. Nb3 Be7 8. O-O O-O 9. Kh1 Nc6 10. f4 b5 11. Be3 Bb7 12. a4 b4 13. Nd5 Nxd5 14. exd5 Na5 15. Nxa5 Qxa5 16. fxe5 Rad8 17. e6 fxe6 18. dxe6 Qe5 19. Qd4 Qxe6 20. Bc4 d5 21. Bd3 a5 22. Qb6 Qxb6 23. Bxb6 Rxf1+ 24. Rxf1 Ra8 25. Re1 Bf6 26. b3 Kf7 27. Bb5 Rc8 28. Re2 Bd8 29. Ba7 Bc6 30. Bd3 g6 31. Bd4 Bd7 32. Rf2+ Ke8 33. Kg1 Rc6 34. Kf1 Bb6 35. Bxb6 Rxb6 36. Ke2 Re6+ 37. Kd2 Ke7 38. g3 Rf6 39. Rxf6 Kxf6 40. c3 bxc3+ 41. Kxc3 Ke5 42. b4 axb4+ 43. Kxb4 Bxa4 44. Kxa4 Kd4 45. Bb5 Ke3 46. Kb3 1/2-1/2

[Event "Amsterdam"]
[Site "?"]
[Date "1996.??.??"]
[Round "?"]
[White "Short, N."]
[Black "Gelfand, B."]
[Result "1-0"]
[WhiteElo "2665"]
[BlackElo "2700"]
[PlyCount "87"]
[EventDate "1996.??.??"]
[Source "ChessBase"]
[SourceDate "1996.02.01"]

1. e4 c5 2. Nf3 d6 3. d4 cxd4 4. Nxd4 Nf6 5. Nc3 a6 6. Be2 e5 7. Nb3 Be7 8. O-O Be6 9. f4 Qc7 10. Kh1 O-O 11. f5 Bc4 12. g4 h6 13. g5 hxg5 14. Bxg5 Nbd7 15. Rg1 Rfc8 16. Bxc4 Qxc4 17. Qf3 Kf8 18. a3 b5 19. Nd2 Qc6 20. Qh3 Ke8 21. Qh8+ Bf8 22. Bxf6 Nxf6 23. Rxg7 a5 24. Rg3 b4 25. Qxf6 bxc3 26. bxc3 Qb7 27. Rb1 Qe7 28. Qh8 Rab8 29. Rbg1 Kd7 30. c4 Rb2 31. Rc3 Qd8 32. Qh7 Ke8 33. Rg8 Qf6 34. Kg2 Kd7 35. Nf1 Be7 36. Rg7 Rf8 37. Ne3 Qh4 38. Qxh4 Bxh4 39. c5 dxc5 40. Rxc5 a4 41. Kf3 Be7 42. Rd5+ Kc7 43. Rxe5 Bxa3 44. Ra5 1-0

[Event "Groningen"]
[Site "?"]
[Date "1996.??.??"]
[Round "?"]
[White "Short, N."]
[Black "Gelfand, B."]
[Result "1/2-1/2"]
[WhiteElo "2695"]
[BlackElo "2665"]
[PlyCount "49"]
[EventDate "1996.??.??"]
[Source "ChessBase"]
[SourceDate "1996.10.01"]

1. e4 c5 2. Nf3 d6 3. d4 Nf6 4. Nc3 cxd4 5. Nxd4 a6 6. a4 Nc6 7. Be2 e5 8. Nb3 Be7 9. O-O O-O 10. Bg5 Be6 11. Bxf6 Bxf6 12. Nd5 Bg5 13. a5 Rc8 14. Bg4 Nd4 15. Nxd4 exd4 16. f4 Bh6 17. Bxe6 fxe6 18. Nb6 Rc5 19. g3 e5 20. f5 Qc7 21. c3 Rb5 22. Nd5 Qc4 23. Ra4 Qb3 24. Qxb3 Rxb3 25. cxd4 1/2-1/2

[Event "RUS-CHN match"]
[Site "Moscow"]
[Date "2004.08.12"]
[Round "3.1"]
[White "Ye Jiangchuan"]
[Black "Sakaev, Konstantin"]
[Result "1/2-1/2"]
[WhiteElo "2681"]
[BlackElo "2664"]
[PlyCount "52"]
[EventDate "2004.08.10"]
[Source "Roberto Alvarez"]
[SourceDate "2004.08.24"]

1. e4 c5 2. Nf3 d6 3. d4 cxd4 4. Nxd4 Nf6 5. Nc3 a6 6. Be2 e5 7. Nb3 Be7 8. O-O O-O 9. Re1 Be6 10. Bf1 Nbd7 11. Nd5 Nxd5 12. exd5 Bf5 13. a4 Rc8 14. c3 Re8 15. a5 e4 16. Bf4 Bf8 17. Qd4 g5 18. Bd2 Bg6 19. Qe3 h6 20. f4 exf3 21. Qxf3 Ne5 22. Qf2 Qd7 23. h3 Bg7 24. Be3 g4 25. h4 h5 26. Nd2 Qf5 1/2-1/2

[Event "Tilburg"]
[Site "?"]
[Date "1997.??.??"]
[Round "?"]
[White "Polgar, Judit"]
[Black "Van Wely, L."]
[Result "1/2-1/2"]
[WhiteElo "2670"]
[BlackElo "2655"]
[PlyCount "83"]
[EventDate "1997.??.??"]
[Source "ChessBase"]
[SourceDate "1997.06.01"]

1. e4 c5 2. Nf3 d6 3. d4 cxd4 4. Nxd4 Nf6 5. Nc3 a6 6. Be2 e5 7. Nb3 Be7 8. O-O O-O 9. f4 Qc7 10. a4 Be6 11. Kh1 Re8 12. f5 Bc4 13. Bg5 Nbd7 14. a5 Rac8 15. Ra4 Bxe2 16. Qxe2 Qc6 17. Nd2 d5 18. exd5 Nxd5 19. Rc4 Nxc3 20. Rxc3 Qxc3 21. bxc3 Bxg5 22. Ne4 Be7 23. Rb1 Nc5 24. h3 h6 25. Qg4 h5 26. Qf3 h4 27. Nxc5 Rxc5 28. Rxb7 Bf6 29. Qe4 Rxa5 30. Ra7 Bg5 31. Kg1 Bf4 32. Ra8 Ra1+ 33. Kf2 Bg3+ 34. Ke2 Re1+ 35. Kd3 Rxa8 36. Qxa8+ Kh7 37. Qe8 f6 38. c4 e4+ 39. Kd4 e3 40. c5 Rd1+ 41. Ke4 e2 42. Qh5+ 1/2-1/2